Welcome to CU Library Online Public Access Catalogue (OPAC)

Mere Christianity : (Record no. 6942)

MARC details
000 -LEADER
fixed length control field 01000cam a2200253 a 4500
001 - CONTROL NUMBER
control field 12187839
005 - DATE AND TIME OF LATEST TRANSACTION
control field 20250712154930.0
008 - FIXED-LENGTH DATA ELEMENTS--GENERAL INFORMATION
fixed length control field 000927r20011952cau b 000 0 eng
020 ## - INTERNATIONAL STANDARD BOOK NUMBER
International Standard Book Number 0060652926
Qualifying information alk. paper
020 ## - INTERNATIONAL STANDARD BOOK NUMBER
International Standard Book Number 9780060652920
Qualifying information (alk. paper)
050 00 - LIBRARY OF CONGRESS CALL NUMBER
Classification number BT77
Item number .L348 2001
082 00 - DEWEY DECIMAL CLASSIFICATION NUMBER
Classification number 230
Edition information 21
100 1# - MAIN ENTRY--PERSONAL NAME
Personal name Lewis, C. S.
Fuller form of name (Clive Staples),
Dates associated with a name 1898-1963.
245 10 - TITLE STATEMENT
Title Mere Christianity :
Remainder of title a revised and amplified edition, with a new introduction, of the three books, Broadcast talks, Christian behaviour, and Beyond personality /
Statement of responsibility, etc. C.S. Lewis.
250 ## - EDITION STATEMENT
Edition statement 1st HarperCollins ed.
260 ## - PUBLICATION, DISTRIBUTION, ETC.
Place of publication, distribution, etc. San Francisco :
Name of publisher, distributor, etc. HarperSanFrancisco,
Date of publication, distribution, etc. 2001.
300 ## - PHYSICAL DESCRIPTION
Extent xx, 227 p. ;
Dimensions 22 cm.
500 ## - GENERAL NOTE
General note Originally published: London : G. Bles, 1952.
650 #0 - SUBJECT ADDED ENTRY--TOPICAL TERM
Topical term or geographic name entry element Theology, Doctrinal
Form subdivision Popular works.
650 #0 - SUBJECT ADDED ENTRY--TOPICAL TERM
Topical term or geographic name entry element Apologetics.
650 #0 - SUBJECT ADDED ENTRY--TOPICAL TERM
Topical term or geographic name entry element Christian ethics
General subdivision Anglican authors.
856 42 - ELECTRONIC LOCATION AND ACCESS
Materials specified Publisher description
Uniform Resource Identifier <a href="http://www.loc.gov/catdir/description/hc042/00049862.html">http://www.loc.gov/catdir/description/hc042/00049862.html</a>
942 ## - ADDED ENTRY ELEMENTS (KOHA)
Source of classification or shelving scheme Library of Congress Classification
Koha item type Books
Suppress in OPAC No
999 ## -
-- 6942
-- 6942
Holdings
Withdrawn status Lost status Source of classification or shelving scheme Damaged status Not for loan Collection Home library Current library Shelving location Date acquired Total checkouts Full call number Barcode Date last seen Copy number Price effective from Koha item type
    Library of Congress Classification     Non-fiction Undergraduate Library (Christ Temple) Undergraduate Library (Christ Temple) General stacks 07/12/2025   BT77 LEW ulct00003816 07/12/2025 1 07/12/2025 Books
© 2023-2024 Copyright: Central University Libraries. All Rights Reserved | Created by: Mahone Tech Office